| 000 | 00329nam a2200121Ia 4500 | ||
|---|---|---|---|
| 005 | 20251222144624.0 | ||
| 008 | 251222s9999||||xx |||||||||||||| ||spa|| | ||
| 020 | _a84-7434-386-0 | ||
| 082 | _a331.8/M61 | ||
| 245 | 0 | _aLa Participación en la Empresa, 1981-1985 | |
| 264 | _bMinisterio de Trabajo y Seguridad Social | ||
| 942 | _cLIB | ||
| 999 |
_c16045 _d16045 |
||